00725nam a22002177a 4500003000500000005001700005008004100022010001000063011001000073035001100083040000900094100003400103245007300137260004000210300002200250502007700272530003600349650002300385650003500408856006400443CHAP20220329143601.0100721s2010 mx r 00010 spa d a98850 a99822 a110508 cCHAP1 aJuárez Clavería, Nicolas.10aTipología de arreglos floralesc/por Nicolás Juárez Clavería aChapingo, Méx. :bEl autor,c2010 av, 72 h. :bilus. aTesis (Ing. Agr. Esp. en Fitotecnia) -- UACH. Departamento de Fitotecnia aTambién disponible en línea14aArreglos florales.14aFloriculturazMéxico (Edo.). 3Finding aiduhttp://10.13.5.2/tesis/110508.pdfzTeclea aqui